000 00735nam a2200229 c 4500
001 a5331032
003 CO-ViMGA
005 20230915225026.0
008 130319s2013 sp a | |||| 000 0 spa
020 _a9788426139566
040 _aCO-ViMGA
_bspa
_cCO-ViMGA
041 1 _heng
082 0 4 _21 ra
_aCJOAf
100 1 _aDeak, Joann
_9615
245 1 0 _aTu fantastico y elastico cerebro :
_bestiralo y moldealo
_cJoann Deak ; ilustrado por Sarah Ackerley ; [traduccin̤ de Teresa Farran]
250 _a1® ed.
260 _aBarcelona
_bJuventud
_c2013
300 _a[32] p.
_bprincipalmente il. col.
_c26 x 26 cm
650 1 7 _aCerebro
_xFisiologa̕
_vLibros infantiles
_2embne
_9616
700 1 _aAckerley, Sarah
_9617
942 _2ddc
_cBK
999 _c12103
_d12103